[Event "zonal 2.3"]
[Site "San Salvador ESA"]
[Date "1998.11.15"]
[Round "9"]
[White "Valdes Romero, Leonardo"]
[Black "Reyes Najera, Carlos Antonio"]
[Result "0-1"]
[WhiteElo "2285"]
[BlackElo "2235"]
[EventDate "1998.11.05"]
[PlyCount "94"]

1.c4 e6 2.Nc3 d5 3.d4 Nf6 4.Nf3 Be7 5.Bg5 O-O 6.e3 b6 7.Be2 Bb7 8.Bxf6 
Bxf6 9.cxd5 exd5 10.O-O c5 11.Rc1 Nd7 12.Qa4 a6 13.a3 Re8 14.Rfd1 b5 15.
Qc2 c4 16.Ne1 Nf8 17.Bf3 Ne6 18.g3 Bc6 19.Bg2 a5 20.Ne2 Nc7 21.Nf4 Ra6 22.
h4 b4 23.e4 b3 24.Qd2 dxe4 25.Rxc4 Bb5 26.Rc5 g6 27.Kh2 a4 28.Qc1 Ra7 29.
d5 Qd6 30.Rd2 Bxh4 31.Rc3 Bg5 32.Kg1 f5 33.Rc6 Qe5 34.d6 e3 35.fxe3 Qxe3+ 
36.Kh2 Bxf4 37.gxf4 Qxf4+ 38.Kh1 Qh6+ 39.Kg1 Qe3+ 40.Kh2 Qh6+ 41.Kg1 Qe3+ 
42.Kh2 Qf4+ 43.Kg1 Bxc6 44.Bxc6 Re2 45.Bd5+ Kf8 46.Rxe2 Qxc1 47.d7 Qc5+ 
0-1

[Event "zonal 2.3"]
[Site "San Salvador ESA"]
[Date "1998.11.15"]
[Round "9"]
[White "Beltran, Carlos Armando"]
[Black "Infante Meyer, Salvador"]
[Result "1/2-1/2"]
[WhiteElo "2270"]
[BlackElo "2225"]
[EventDate "1998.11.05"]
[PlyCount "122"]

1.d4 Nf6 2.Nf3 g6 3.Bg5 Bg7 4.c3 d5 5.e3 O-O 6.Be2 c6 7.O-O Nbd7 8.Nbd2 
Qe8 9.Bf4 Nh5 10.Bc7 Bh8 11.c4 Ndf6 12.Be5 dxc4 13.Nxc4 Nd5 14.Bxh8 Kxh8 
15.Nfe5 Ng7 16.Bf3 f6 17.Nd3 Ne6 18.e4 Nb6 19.Nxb6 axb6 20.d5 Nd4 21.Nb4 
e5 22.dxe6 Nxf3+ 23.Qxf3 Bxe6 24.a3 Qe7 25.Rfe1 Bg8 26.h3 Rad8 27.Rad1 Kg7
28.Rd3 c5 29.Nc2 Rxd3 30.Qxd3 Rd8 31.Qb5 Qe6 32.Ne3 Qc6 33.Qxc6 bxc6 34.
Re2 Rd4 35.f3 Bb3 36.Kf2 c4 37.Nf1 c5 38.Rd2 Rd3 39.Ke2 Ba4 40.Rxd3 cxd3+ 
41.Kd2 c4 42.Kc3 b5 43.Nd2 g5 44.g3 h5 45.h4 f5 46.Kd4 gxh4 47.gxh4 fxe4 
48.fxe4 Kf6 49.Kd5 Ke7 50.Ke5 Bd1 51.Kd5 Ba4 52.Kc5 Ke6 53.Kd4 Bd1 54.Ke3 
Ke5 55.Nf1 Be2 56.Nd2 Bd1 57.Nb1 Bc2 58.Nd2 Bd1 59.Nf1 Be2 60.Ng3 Bg4 61.
Nf1 Be2 1/2-1/2

[Event "zonal 2.3"]
[Site "San Salvador ESA"]
[Date "1998.11.15"]
[Round "9"]
[White "Guillen Ramirez, Jose Antonio"]
[Black "Sosa Trani, Luis"]
[Result "1/2-1/2"]
[WhiteElo "2220"]
[BlackElo "2225"]
[EventDate "1998.11.05"]
[PlyCount "20"]

1.d4 Nf6 2.c4 c5 3.Nf3 cxd4 4.Nxd4 Nc6 5.Nc3 g6 6.e4 Nxd4 7.Qxd4 d6 8.Be2 
Bg7 9.Bg5 O-O 10.Qd2 Qa5 1/2-1/2

[Event "zonal 2.3"]
[Site "San Salvador ESA"]
[Date "1998.11.15"]
[Round "9"]
[White "Lorenzana, Wilson Estuardo"]
[Black "Jimenez Molina, Juan Leon"]
[Result "0-1"]
[WhiteElo "2130"]
[BlackElo "2220"]
[EventDate "1998.11.05"]
[PlyCount "136"]

1.e4 g6 2.Nf3 Bg7 3.d4 c5 4.Nc3 cxd4 5.Nxd4 Nc6 6.Be3 Nf6 7.Be2 O-O 8.O-O 
d5 9.exd5 Nb4 10.d6 Qxd6 11.Ncb5 Qb8 12.c4 a6 13.Nc3 Nc6 14.Nxc6 bxc6 15.
Na4 Nd7 16.Qd2 Qc7 17.Rad1 Rb8 18.c5 Nf6 19.Nb6 Ng4 20.Bxg4 Bxg4 21.f3 Be6
22.b3 Be5 23.f4 Bf6 24.Qe2 a5 25.f5 Bxf5 26.Bf4 e5 27.Bh6 Rfd8 28.g4 Rxd1 
29.Qxd1 Be7 30.gxf5 Bxc5+ 31.Kh1 Rxb6 32.fxg6 hxg6 33.Qf3 Qe7 34.Qg4 Rb4 
35.Qc8+ Kh7 36.Bg5 Qe6 37.Qxe6 fxe6 38.Rf6 a4 39.Rxe6 axb3 40.axb3 Rxb3 
41.h4 Be3 42.Bf6 Kh6 43.Rxe5 Bd4 44.Bg5+ Kh5 45.Re7 Kg4 46.Kg2 Rb2+ 47.Kf1
c5 48.Re6 Kf5 49.Rc6 Rc2 50.Ke1 Rh2 51.Kd1 Ra2 52.Be7 Rh2 53.Rd6 Rg2 54.
Bg5 Ke4 55.Re6+ Kd3 56.Re1 Ra2 57.Bc1 Ra1 58.Re6 Bb2 59.Rd6+ Kc3 60.Rxg6 
Rxc1+ 61.Ke2 Rh1 62.Rg5 c4 63.h5 Kc2 64.Kf3 c3 65.Kg2 Ra1 66.h6 Ra8 67.h7 
Rh8 68.Rh5 Kb3 0-1

[Event "zonal 2.3"]
[Site "San Salvador ESA"]
[Date "1998.11.15"]
[Round "9"]
[White "Burgos, Carlos"]
[Black "Chavez, Hector Eduardo"]
[Result "1/2-1/2"]
[WhiteElo "2085"]
[BlackElo "2070"]
[EventDate "1998.11.05"]
[PlyCount "25"]

1.e4 c5 2.Nf3 Nc6 3.d4 cxd4 4.Nxd4 g6 5.Nc3 Bg7 6.Be3 Nf6 7.Be2 O-O 8.O-O 
d5 9.exd5 Nxd5 10.Nxd5 Qxd5 11.Bf3 Qc4 12.Be2 Qd5 13.Bf3 1/2-1/2